000 00727cam a22002414a 4500
020 _a9780262042444
040 _cDLC
082 0 0 _a612.82
_222
100 _dGuido Dornhege
245 0 0 _aToward brain computer interfacing
_cGuido Dornhege
260 _aCambridge, Mass. :
_bMIT Press,
_cc2007.
300 _axii, 507 p. :
_bill. ;
_c26 cm.
440 0 _aNeural information processing series
504 _aIncludes bibliographical references (p. [441]-490) and index.
650 0 _aBrain-computer interfaces.
650 1 2 _aBrain Mapping.
650 1 2 _aUser-Computer Interface.
650 2 2 _aBrain
650 2 2 _aPsychomotor Performance.
650 2 2 _aRehabilitation
700 1 _aDornhege, Guido.
942 _2ddc
_cBK
999 _c11379
_d11379